| 000 | 00588nam a2200217Ii 4500 | ||
|---|---|---|---|
| 003 | JO-AjNU | ||
| 008 | 230606s9999||||xx |||||||||||||| ||und|| | ||
| 020 | _a81-309-0354-7/978-81-309-0354-5 | ||
| 040 |
_aJO-AjNU _beng _erda _cJO-AjNU |
||
| 041 | _aeng | ||
| 050 | 1 | 4 | _aHD30.29.2008 |
| 245 | 0 | 0 | _aProblem Solving |
| 250 | _a2nd ed | ||
| 264 | 3 | 1 | _aNew Delhi:Viva Books.2008 |
| 300 | _a138p | ||
| 336 |
_atext _btxt _2rdacontent |
||
| 337 |
_aunmediated _bn _2rdamedia |
||
| 338 |
_avolume _bnc _2rdacarrier |
||
| 490 | 0 | _aviva career skills library | |
| 650 | 4 |
_aProblem Solving _91245 |
|
| 999 |
_aE656 _c656 _d656 |
||